| Tag |
First Indicator |
Second Indicator |
Subfields |
| LEADER |
00000cmm a2200000Ia 4500 |
| 001 |
in00000000086 |
| 005 |
20150930090011.0 |
| 008 |
980820s1998 dcu u f eng d |
| 035 |
|
|
|a (OCoLC)ocm39850912
|
| 035 |
|
|
|9 AHS7285AM
|
| 035 |
|
|
|a (OCoLC)39850912
|
| 040 |
|
|
|a GAO
|c GAO
|d OCLCQ
|d TXA
|d UtOrBLW
|
| 043 |
|
|
|a n-us---
|
| 049 |
|
|
|a TXAM
|
| 050 |
|
4 |
|a TD898.15
|b .A77
|
| 074 |
|
|
|a 0429-X
|
| 086 |
0 |
|
|a E 1.111:SCI 2
|
| 088 |
|
|
|a DOE/EM-0357
|
| 110 |
1 |
|
|a United States.
|b Department of Energy.
|b Office of Science and Risk Policy.
|
| 245 |
1 |
0 |
|a Report to Congress on the U.S. Department of Energy's Environmental Management Science Program /
|c Office of Science and Risk Policy.
|
| 246 |
3 |
0 |
|a U.S. Department of Energy's Environmental Management Science Program
|
| 246 |
3 |
|
|a United States Department of Energy's Environmental Management Science Program
|
| 246 |
3 |
0 |
|a Environmental Management Science Program
|
| 264 |
|
1 |
|a [Washington, D.C.?] :
|b Office of Science and Risk Policy,
|c [1998]
|
| 300 |
|
|
|a 1 CD-ROM ;
|c 4 3/4 in.
|
| 336 |
|
|
|a computer program
|b cop
|2 rdacontent
|
| 337 |
|
|
|a computer
|b c
|2 rdamedia
|
| 338 |
|
|
|a computer disc
|b cd
|2 rdacarrier
|
| 500 |
|
|
|a Shipping List #: 98-0065-E
|
| 500 |
|
|
|a Shipping List Date: 08/10/98
|
| 538 |
|
|
|a System requirements: x86 based personal computer (386 minimum, 486, Pentium, or Pentium Pro recommended); Microsoft Windows 3.1, Microsoft Windows for Workgroups, Microsoft Windows 95, Microsoft Windews NT 3.5.1 or 4.0; 4 MB application RAM; 5 MB hard disk space, plus 7 MB additional temporary disk space available during installation; For viewing PDF files inside of a Web browser, Netscape Navigator 3.0 or later (3.0.1 or later recommended) including the Netscape Navigator 4.0 component of Netscape Communicator 4.0 or Microsoft Internet Explorer 3.0 or later.
|
| 500 |
|
|
|a Title from disc label.
|
| 500 |
|
|
|a "April 1998."
|
| 500 |
|
|
|a "DOE/EM-0357."
|
| 500 |
|
|
|a Shipping list number: 98-0065-E.
|
| 500 |
|
|
|a Electronic resource.
|
| 650 |
|
0 |
|a Nuclear weapons plants
|x Environmental aspects
|z United States.
|
| 650 |
|
0 |
|a Radioactive wastes
|x Management
|z United States.
|
| 650 |
|
0 |
|a Radioactive wastes
|x Environmental aspects
|z United States.
|
| 650 |
|
0 |
|a Hazardous waste site remediation
|z United States.
|
| 650 |
|
0 |
|a Bioremediation
|z United States.
|
| 994 |
|
|
|a C0
|b TXA
|
| 948 |
|
|
|a cataloged
|b h
|c 2010/12/06
|e ssaenz
|f 12:35:01 pm
|
| 999 |
|
|
|a MARS
|
| 999 |
f |
f |
|s ce7541ad-cb60-39a4-8866-3830ba242fd2
|i c3a949f3-2b49-30cd-ba60-86bf4c7eb76e
|t 0
|
| 952 |
f |
f |
|p normal
|a Texas A&M University
|b College Station
|c Sterling C. Evans Library
|d Evans: US Documents CD-ROMs (Annex 5th floor)
|t 0
|e E 1.111:SCI 2
|h Superintendent of Documents classification
|i computer -- computer disc
|m A14822782421
|
| 998 |
f |
f |
|a E 1.111:SCI 2
|t 0
|l Evans: US Documents CD-ROMs (Annex 5th floor)
|